SpongeBob-Charaktere mit originalem Synchronsprecher - Statistiken

Allgemein
  • Dieses Quiz wurde 35 mal gespielt
  • Das Durchschnittsergebnis liegt bei 4 aus 8
Antwortstatistiken
Sprecher Beschreibung Charakter % Korrekt
Santiago Ziesmer Hauptcharakter SpongeBob Schwammkopf
100%
Cathlen Gawlich Hauptcharakter Sandy Cheeks
87%
Karl Schulz Alternder Superheld Meerjungfraumann
68%
Eberhard Prüter Größter Rivale von Thaddäus Tentakel Siegbert Schnösel
58%
Susanne Geier Hauptcharakter Karen Plankton
35%
Michael Pan Hauptsächlich im Hintergrund agierender Kommentator Jacques Cousteau (Erzähler)
26%
Sabine Winterfeldt Hauptcharakter Perla Krabs
23%
Margot Rothweiler Mutter von Santiago Ziesmers Charakter Margarethe Schwammkopf
3%
Keine übereinstimmenden Quizze gefunden
Verteilung der Resultate
Anzahl Personen mit jedem Resultat
Perzentil nach korrekt beantworteten Fragen
Ihre Resultats-Entwicklung
Sie haben dieses Quiz noch nicht gespielt